1440 1785 1967 1681 1633 1613 1449 1873 1704 1711 1458 1352 1143 1613 1550 1812 1026 1221 1569 1686 1488 1322 1205 1988 1878 1328 1952 1670 1729 1358 1604 1269 1767 1623 1393 1537 1608 1818 1052 1721 1503 1265 1730 1549 1218 1738 1077 1452 1498 1179 1384 1773 1574 1804 1394 1557 1575 1351 1758 1764 1807 1798 1508 1728 1326 1897 1623 1702 1259 1824 1030 1551 1203 1910 1802 1936 1174 1493 1985 1689 1128 1020 1255 1950 1227 1167 1154 1864 1621 1317 1446 1031 1988 1302 1746 1282 1576 1627 1024 BCNSPRNW ULIB Ver.6.0+V

เปลี่ยนเป็นภาษาไทย

Change to English
 แสดงรายละเอียดบรรณานุกรม
  กลับหน้าหลัก

Brief Record : Get Marc (ISO 2709) : E-mail record : QR code < ปิดหน้าต่าง
LEADER : 00000nam 2200000uu 4500
001    13399124667
003     ULIB
008    151119s||||||||th 000 0 tha d
020    ^a9786162830983 :^cบริจาค
050    ^rอ^aDS570.6.P4^bก528จ เล่ม 2
110  2  ^aกรมศิลปากร
245  1  ^aจดหมายเหตุงานพระศพ สมเด็จพระเจ้าภคินีเธอ เจ้าฟ้าเพชรรัตนราชสุดา สิริโสภาพัณณวดี เล่ม 2 /^cกรมศิลปากร
260    ^aกรุงเทพฯ :^bกรมศิลปากร,^c2557
300    ^a572-958 หน้า :^bภาพประกอบ ;^c30 ซม.+1 CD-ROM
504    ^aบรรณานุกรม
504    ^aภาคผนวก
600  0  ^aเพชรรัตนราชสุดา สิริโสภาพัณณวดี, สมเด็จพระเจ้าภคินีเธอ เจ้าฟ้า^x2468-2554
650  4 ^aจดหมายเหตุ
945    ^p0^l0^i000210
999    ^aเกษร โพธิ์สุวรรณ
รายการนี้ยังไม่มีแท็ก
คุณยังไม่ได้ล็อกอิน คุณสามารถมีกิจกรรมร่วมกับเว็บไซต์ได้ แต่ต้องล็อกอินก่อน ::
  ล็อกอิน

รายการสื่อสารสนเทศ

ลำดับที่ ประเภท เลขเรียก/บาร์โค้ด สถานที่ สถานะ
1. การศึกษาทั่วไป
การศึกษาทั่วไป
อ DS570.6.P4 ก528จ เล่ม 2 ฉ.1 
  Barcode: 000210
ห้องสมุดวิทยาเขตสวรรค์ประชารักษ์
►หนังสือทั่วไป
บนชั้น

รายการใกล้เคียง
    หัวเรื่อง [จดหมายเหตุ]

BibComment


ยังไม่เคยถูกคอมเมนท์

คอมเมนท์ทรัพยากรรายการนี้
  คอมเมนท์: จดหมายเหตุงานพร..


 Copyright 2026. Bcnsprnw @Library